| 000 | 00744nam a22002177a 4500 | ||
|---|---|---|---|
| 003 | OSt | ||
| 005 | 20260306051102.0 | ||
| 008 | 260306b |||||||| |||| 00| 0 eng d | ||
| 020 | _a978-621-418-402-6 | ||
| 040 |
_aDWCL-Main lib _cOC |
||
| 082 | _aFil. 542 L4971 2025 | ||
| 100 | _aLegaspi, Gideon A. | ||
| 245 |
_aLaboratory manual in inorganic and organic chemistry _cGideon A. Legaspi |
||
| 260 |
_aQuezon City, Philippines: _bWiseman's Books Trading, Inc., _cc2025. |
||
| 300 |
_aiii, 132 pages: _billustrations; _c27 cm. |
||
| 504 | _aIncludes bibliographical references. | ||
| 650 | _a1. Inorganic chemistry--manuals. | ||
| 650 | _a2. Organic chemistry--manuals. | ||
| 700 | _aSusan T. Sta. Ana | ||
| 942 |
_2ddc _cBK - FIL _kFil. _n0 |
||
| 999 |
_c8692 _d8692 |
||